Players With the Most Goal Assists at the FIFA World Cup 2022 - Statistics

General Stats
  • This quiz has been taken 129 times
  • The average score is 9 of 21
Answer Stats
Assists Country Answer % Correct
3 Argentina Lionel Messi
95%
3 England Harry Kane
82%
2 France Kylian Mbappe
82%
3 Portugal Bruno Fernandes
75%
3 France Antoine Griezmann
72%
3 Croatia Ivan Perisic
58%
2 United States Christian Pulisic
56%
2 England Phil Foden
47%
2 Portugal Joao Felix
37%
2 France Ousmane Dembele
36%
Brazil Vinicius Junior
34%
Serbia Dusan Tadic
31%
2 Netherlands Denzel Dumfries
30%
2 France Theo Hernandez
30%
2 Spain Jordi Alba
24%
2 Portugal Raphael Guerreiro
19%
2 Netherlands Davy Klaassen
16%
France Marcus Thuram
15%
2 Portugal Diogo Dalot
11%
Serbia Andrija Zivkovic
10%
Croatia Mislav Orsic
10%
No matching quizzes found
Score Distribution
Percent of People with Each Score
Percentile by Number Answered
Your Score History
You have not taken this quiz